ՄԱՅՐ ԱԹՈՌ ՍՈՒՐԲ ԷՋՄԻԱԾԻՆ

«ՎԱՉԵ ԵՎ ԹԱՄԱՐ ՄԱՆՈՒԿՅԱՆ» ՄԱՏԵՆԱԴԱՐԱՆ

Հայ գաղթականությունն առաջին աշխարհամարտի տարիներին և Հայ Առաքելական սուրբ եկեղեցին (1914-1917 թթ) / (Record no. 77200)

MARC details
000 -LEADER
fixed length control field 01558nam a22002657a 4500
003 - CONTROL NUMBER IDENTIFIER
control field SEM
005 - DATE AND TIME OF LATEST TRANSACTION
control field 20260323170506.0
008 - FIXED-LENGTH DATA ELEMENTS--GENERAL INFORMATION
fixed length control field 260316s2025 ai ||||gr||||||01|||arm|d
020 ## - INTERNATIONAL STANDARD BOOK NUMBER
International Standard Book Number 9789939593586
040 ## - CATALOGING SOURCE
Original cataloging agency SEM
Transcribing agency SEM
041 ## - LANGUAGE CODE
Language code of text/sound track or separate title arm
082 ## - DEWEY DECIMAL CLASSIFICATION NUMBER
Classification number 281.62(09)/Հ-42
100 ## - MAIN ENTRY--PERSONAL NAME
Personal name Հարությունյան, Ավետիս
Dates associated with a name (1962 -)
Fuller form of name (Harutyunyan, Avetis)
245 ## - TITLE STATEMENT
Title Հայ գաղթականությունն առաջին աշխարհամարտի տարիներին և Հայ Առաքելական սուրբ եկեղեցին (1914-1917 թթ) /
Statement of responsibility, etc. Ա․ Հարությունյան ; Խմբ․՝ Լ․ Ավագյան ; Կաթողիկոսություն Ամենայն Հայոց
246 ## - VARYING FORM OF TITLE
Title proper/short title Armenian refugees during world war I and the Armenian Apostolic holy church (1914 -1917) /
247 ## - FORMER TITLE
Title Армянские беженцы в годы первой мировой войны и Армянская Апостольская Святая Церковь (1914-1917) /
260 ## - PUBLICATION, DISTRIBUTION, ETC.
Place of publication, distribution, etc. Ս․ Էջմիածին ։
Name of publisher, distributor, etc. Մայր Աթոռ Սուրբ Էջմիածնի հրատ․,
Date of publication, distribution, etc. 2025․
300 ## - PHYSICAL DESCRIPTION
Extent 455 էջ ;
Dimensions 25 սմ
504 ## - BIBLIOGRAPHY, ETC. NOTE
Bibliography, etc. note Օգտագործված սկզբնաղբյուրների և գրականության ցանկ ՝ էջ 436-454
650 ## - SUBJECT ADDED ENTRY--TOPICAL TERM
Topical term or geographic name entry element Հայ եկեղեցու պատմություն
General subdivision Հայոց պատմություն
-- Առաջին աշխարհամարտ
653 ## - INDEX TERM--UNCONTROLLED
Uncontrolled term ՍԷՄ
700 ## - ADDED ENTRY--PERSONAL NAME
Personal name Ավագյան, Լ․
Relator term խմբ․
Relationship edt.
710 ## - ADDED ENTRY--CORPORATE NAME
Corporate name or jurisdiction name as entry element Կաթողիկոսություն Ամենայն Հայոց
942 ## - ADDED ENTRY ELEMENTS (KOHA)
Source of classification or shelving scheme Dewey Decimal Classification
Koha item type Գրքեր/Books
Suppress in OPAC No
Holdings
Withdrawn status Lost status Source of classification or shelving scheme Damaged status Not for loan Collection code Home library Current library Date acquired Inventory number Total Checkouts Full call number Barcode Date last seen Price effective from Koha item type Public note Cost, normal purchase price
    Dewey Decimal Classification     Գրապահոց Մայր Աթոռ Սուրբ Էջմիածին «Վաչե և Թամար Մանուկյան» Մատենադարան Մայր Աթոռ Սուրբ Էջմիածին «Վաչե և Թամար Մանուկյան» Մատենադարան 16/03/2026 37257   281.62(09)/Հ-42 37257 16/03/2026 16/03/2026 Գրքեր/Books Սպասարկվում է ընթերցասրահ  
    Dewey Decimal Classification     Ցուցասրահ Մայր Աթոռ Սուրբ Էջմիածին «Վաչե և Թամար Մանուկյան» Մատենադարան Մայր Աթոռ Սուրբ Էջմիածին «Վաչե և Թամար Մանուկյան» Մատենադարան 16/03/2026 37258   281.62(09)/Հ-42 37258 16/03/2026 16/03/2026 Գրքեր/Books Չի սպասարկվում  
    Dewey Decimal Classification     Գրապահոց Մայր Աթոռ Սուրբ Էջմիածին «Վաչե և Թամար Մանուկյան» Մատենադարան Մայր Աթոռ Սուրբ Էջմիածին «Վաչե և Թամար Մանուկյան» Մատենադարան 16/03/2026 37259   281.62(09)/Հ-42 37259 16/03/2026 16/03/2026 Գրքեր/Books Սպասարկվում է 30 օր  
    Dewey Decimal Classification     Գրապահոց Մայր Աթոռ Սուրբ Էջմիածին «Վաչե և Թամար Մանուկյան» Մատենադարան Մայր Աթոռ Սուրբ Էջմիածին «Վաչե և Թամար Մանուկյան» Մատենադարան 16/03/2026 37260   281.62(09)/Հ-42 37260 16/03/2026 16/03/2026 Գրքեր/Books Սպասարկվում է 30 օր  
    Dewey Decimal Classification     Գրապահոց Մայր Աթոռ Սուրբ Էջմիածին «Վաչե և Թամար Մանուկյան» Մատենադարան Մայր Աթոռ Սուրբ Էջմիածին «Վաչե և Թամար Մանուկյան» Մատենադարան 16/03/2026 37261   281.62(09)/Հ-42 37261 16/03/2026 16/03/2026 Գրքեր/Books Սպասարկվում է 30 օր  
    Dewey Decimal Classification     Գրապահոց Մայր Աթոռ Սուրբ Էջմիածին «Վաչե և Թամար Մանուկյան» Մատենադարան Մայր Աթոռ Սուրբ Էջմիածին «Վաչե և Թամար Մանուկյան» Մատենադարան 31/03/2026 37271   281.62(09)/Հ-42 37271 31/03/2026 31/03/2026 Գրքեր/Books Սպասարկվում է 30 օր 3700.00